[Event "Olympiad Women 2024"]
[Site "Budapest HUN"]
[Date "2024.09.13"]
[Round "3.25"]
[Board "2"]
[White "Argote Heredia, Valentina"]
[Black "Badenhorst, Chloe"]
[Result "1/2-1/2"]
[WhiteElo "2144"]
[BlackElo "1981"]
[PlyCount "64"]
[EventDate "2024.09.11"]
[WhiteTeam "Colombia"]
[BlackTeam "South Africa"]
[WhiteTeamCountry "COL"]
[BlackTeamCountry "RSA"]

1. e4 c6 2. d4 d5 3. e5 c5 4. dxc5 e6 5. a3 Bxc5 6. b4 Be7 7. Nf3 Nd7 ({RR} 7... f6 8. Bb2 Nd7 9. c4 Nxe5 10. Nxe5 fxe5 11. Bxe5 Bf6 12. Nd2 a5 13. b5 Nh6 14. Bxf6 Qxf6 15. Bd3 O-O 16. O-O b6 17. Qe2 Bb7 18. Rae1 Rae8 19. cxd5 Bxd5 20. Bc4 Qg6 21. g3 Ng4 22. f3 {½-½ So,W (2760)-Ding Liren (2811) 85th Tata Steel Masters 2023 (8.3)}) 8. Bb2 Nh6 9. Nbd2 ({RR} 9. Bd3 O-O 10. O-O f6 11. c4 fxe5 12. Nxe5 Bf6 13. Qe2 Nf7 14. Nxd7 Bxd7 15. cxd5 exd5 16. Nc3 d4 17. Nd5 Bc6 18. Qe4 Ng5 19. Nxf6+ Qxf6 20. Qxd4 Qxd4 21. Bxd4 Rad8 22. Bc4+ Kh8 23. Bxa7 Rf4 {1-0 Rose,F (2091)-Lorenzo de la Riva,L (2422) Titled Tue 28th May Early 2024 (6)}) 9... f6 10. c4 $146 ({RR} 10. Bd3 Nf7 11. exf6 Bxf6 12. Bxf6 Qxf6 13. O-O O-O 14. c4 Nde5 15. Be2 Rd8 16. cxd5 exd5 17. Nxe5 Nxe5 18. Nf3 Nc4 19. Qd4 Be6 20. Qxf6 gxf6 21. Nd4 Bf7 22. Rfe1 a5 23. b5 Nd6 24. Rac1 Rac8 {0-1 Sztokbant,B (2213)-Rozman,L (2322) Titled Tue 11th Apr Late 2023 (5)}) 10... O-O 11. cxd5 Nxe5 12. dxe6 Bxe6 13. Nd4 Bd5 14. N2f3 Nxf3+ 15. Nxf3 Re8 16. Be2 Bxf3 17. gxf3 Qb6 18. Qd4 Qe6 19. Qc4 Bd6 20. O-O Rac8 21. Qxe6+ Rxe6 22. Bd3 Re7 23. Rac1 Rd8 24. Be4 Nf7 25. Kg2 Ng5 26. Bd5+ Kf8 27. Rcd1 Ne6 28. Bxe6 Rxe6 29. Bd4 b6 30. Be3 Ke7 31. Rc1 Rd7 32. Rc4 Rc7 1/2-1/2

[Event "Olympiad Women 2024"]
[Site "Budapest HUN"]
[Date "2024.09.13"]
[Round "3.25"]
[Board "3"]
[White "Klaasen, Robyn Julian"]
[Black "Mogollon Tobar, Nicolle Julieth"]
[Result "1/2-1/2"]
[WhiteElo "1764"]
[BlackElo "2045"]
[PlyCount "96"]
[EventDate "2024.09.11"]
[WhiteTeam "South Africa"]
[BlackTeam "Colombia"]
[WhiteTeamCountry "RSA"]
[BlackTeamCountry "COL"]

1. d4 d5 2. Nf3 Nf6 3. g3 e6 4. Bg2 c5 5. c4 dxc4 6. O-O Nc6 7. dxc5 Qxd1 8. Rxd1 Bxc5 9. Nc3 a6 10. Bg5 Bd7 11. Bxf6 gxf6 12. Ne4 Be7 13. Nd6+ Bxd6 14. Rxd6 Ke7 15. Rad1 Rhd8 16. R6d2 e5 $146 ({RR} 16... Be8 17. Rxd8 Rxd8 18. Rxd8 Kxd8 19. Nd2 b5 20. Ne4 Ke7 21. a3 a5 22. e3 b4 23. axb4 axb4 24. Bf1 f5 25. Nd2 c3 26. bxc3 bxc3 27. Nb3 Nb4 28. Nd4 c2 29. Nxc2 Nxc2 30. e4 fxe4 31. f4 {0-1 Kroll,S (1566)-Juenger,L (1701) Mittelrhein Verbandsliga West 1920 2019 (5.8)}) 17. Nh4 Be6 18. Bxc6 Rxd2 19. Rxd2 bxc6 20. Ng2 Rb8 21. Ne3 Rb5 22. Rc2 Rc5 23. Nd1 Rd5 24. Nc3 Rd4 25. f3 f5 26. e3 Rd3 27. Kf2 h5 28. Re2 Kd6 29. Rc2 Bd5 30. Ke2 e4 31. f4 Be6 32. Rc1 Kc5 33. Rc2 Rd7 34. a3 f6 35. h4 Rg7 36. Kf2 Kb6 37. Rd2 Rd7 38. Rc2 c5 39. Ke2 Rd3 40. Na4+ Kb5 41. Nc3+ Kc6 42. Rc1 Bf7 43. Rc2 Kd6 44. Rc1 Kc6 45. Rc2 Kd6 46. Rc1 Kc6 47. Rc2 Kb6 48. Rc1 Kc6 1/2-1/2

[Event "Olympiad Women 2024"]
[Site "Budapest HUN"]
[Date "2024.09.13"]
[Round "3.25"]
[Board "4"]
[White "Lopez Rayo, Isabella"]
[Black "Nel, Hayley"]
[Result "1-0"]
[WhiteElo "1952"]
[BlackElo "1753"]
[PlyCount "95"]
[EventDate "2024.09.11"]
[WhiteTeam "Colombia"]
[BlackTeam "South Africa"]
[WhiteTeamCountry "COL"]
[BlackTeamCountry "RSA"]

1. e4 c6 2. Nc3 d5 3. Nf3 dxe4 4. Nxe4 Nf6 5. Qe2 Bg4 6. h3 Bxf3 ({RR} 6... Bh5 7. Nxf6+ gxf6 8. d3 Nd7 9. g4 Bg6 10. Nh4 h5 11. Bg2 Qc7 12. Bd2 O-O-O 13. O-O-O e5 14. Nxg6 fxg6 15. Be4 hxg4 16. hxg4 Rg8 17. Rh7 Qd6 18. Kb1 Qe6 19. Be3 f5 20. Bg2 Nf6 21. Rhh1 {1-0 Nakamura,H (2736)-Artemiev,V (2731) Wch Blitz Moscow 2019 (9)}) 7. Qxf3 Nxe4 8. Qxe4 Qd5 9. Qg4 $146 ({RR} 9. Qxd5 cxd5 10. d4 e6 11. c3 Nc6 12. Bd3 g6 13. Bd2 h5 14. g3 Bh6 15. f4 Kd7 16. O-O-O Rac8 17. Kb1 Ne7 18. Rde1 Nf5 19. Rhg1 Nd6 20. g4 hxg4 21. hxg4 a6 22. Rg2 b5 23. Rh2 Bg7 {½-½ Pichot,A (2630)-Norowitz,Y (2420) Titled Tuesday intern op 19th Jan blitz 2021 (9)}) ({RR} 9. Bd3 Nd7 10. O-O Qxe4 11. Bxe4 Nf6 12. Bf3 O-O-O 13. d3 e5 14. Bg5 Bd6 15. Rfe1 Kc7 16. Rad1 h6 17. Bxf6 gxf6 18. Be4 h5 19. h4 Bc5 20. g3 b5 21. Kg2 a5 22. c3 Kb6 23. a3 b4 {0-1 Silva,P (2228)-Sevgi,V (2308) Titled Tue 19th Mar Late 2024 (5)}) 9... Nd7 10. Bc4 Qe5+ 11. Be2 e6 12. d4 Qa5+ 13. c3 h5 14. Qg3 h4 15. Qf4 Nf6 16. O-O O-O-O 17. b4 Qc7 18. Qf3 Nd5 19. a3 Bd6 20. c4 Nf4 21. Bd1 g5 22. c5 Be7 23. Be3 f5 24. Bb3 Nd5 25. Bd2 g4 26. hxg4 h3 27. g3 fxg4 28. Qxg4 Qd7 29. Rae1 Bf6 30. Qxe6 Qxe6 31. Rxe6 Bxd4 32. Bxd5 Rxd5 33. Be3 Bb2 34. Bc1 Bd4 35. Rh6 Rxh6 36. Bxh6 h2+ 37. Kh1 Rf5 38. Bf4 Bb2 39. Kxh2 Rf7 40. Rb1 Bxa3 41. Rb3 Rxf4 42. gxf4 Bc1 43. Kg3 Kd7 44. Rb1 Ba3 45. Kg4 a6 46. Kg5 Ke7 47. Kg6 Kf8 48. f5 1-0

[Event "Olympiad Women 2024"]
[Site "Budapest HUN"]
[Date "2024.09.13"]
[Round "3.26"]
[Board "1"]
[White "Martynkova, Olena"]
[Black "Samaganova, Aleksandra"]
[Result "1-0"]
[WhiteElo "2176"]
[BlackElo "1948"]
[PlyCount "61"]
[EventDate "2024.09.11"]
[WhiteTeam "Lithuania"]
[BlackTeam "Kyrgyzstan"]
[WhiteTeamCountry "LTU"]
[BlackTeamCountry "KGZ"]

1. d4 e6 2. Nf3 f5 3. g3 Nf6 4. Bg2 Be7 5. O-O O-O 6. c4 d6 7. Nc3 Ne4 8. Qc2 Nxc3 9. Qxc3 a5 10. b3 Bf6 11. Bb2 Nc6 12. Qd2 ({RR} 12. Rad1 Qe7 13. Rfe1 e5 14. dxe5 dxe5 15. e4 fxe4 16. Rxe4 Bf5 17. Re3 e4 18. Qc1 Bg4 19. Rde1 Qf7 20. Nd2 Bxb2 21. Qxb2 Qxf2+ 22. Kh1 Bf3 23. Nxf3 Qxb2 {0-1 Wagner,D (2581)-Azarov,S (2604) Titled Tuesday intern op 01st Dec blitz 2020 (6)}) 12... Qe8 13. d5 Nd8 ({RR} 13... Bxb2 14. Qxb2 exd5 15. cxd5 Ne5 16. Rac1 Rf7 17. Rc2 Nxf3+ 18. exf3 f4 19. Re2 Qd8 20. Qd4 Bd7 21. Rfe1 Qf6 22. Qc4 c6 23. dxc6 bxc6 24. Qd3 Raf8 25. Rd2 d5 26. Qc2 Re7 27. Rc1 Qd6 28. Qc3 {0-1 Gurevich,D (2352)-Eggleston,T (2188) Titled Tue 20th Aug Early 2024 (11)}) 14. dxe6 $146 ({RR} 14. Bxf6 Rxf6 15. dxe6 Nxe6 16. Nd4 Nxd4 17. Qxd4 Qe5 18. Qxe5 dxe5 19. Rad1 c6 20. Rd8+ Rf8 21. Rfd1 Be6 22. Rxa8 {½-½ Demidov,J (1891)-Tiilikainen,M (1955) Helsinki We Garde 3rd 2013 (4)}) 14... Nxe6 15. Nd4 Bxd4 16. Bxd4 f4 17. Bb2 Qg6 18. Kh1 Qh6 19. Be4 Nc5 20. Bd5+ Be6 21. Rg1 c6 22. Bxe6+ Nxe6 23. Qxd6 Rad8 24. Qe5 fxg3 25. Qxg3 Rf5 26. Rad1 Rff8 27. Rd6 Rxd6 28. Qxd6 Qh3 29. Qxe6+ Qxe6 30. Rxg7+ Kh8 31. Rg6+ 1-0

[Event "Olympiad Women 2024"]
[Site "Budapest HUN"]
[Date "2024.09.13"]
[Round "3.26"]
[Board "2"]
[White "Zhanybekova, Begimay"]
[Black "Limontaite, Simona"]
[Result "1-0"]
[WhiteElo "1784"]
[BlackElo "2177"]
[PlyCount "83"]
[EventDate "2024.09.11"]
[WhiteTeam "Kyrgyzstan"]
[BlackTeam "Lithuania"]
[WhiteTeamCountry "KGZ"]
[BlackTeamCountry "LTU"]

1. e4 e6 2. d4 d5 3. Nc3 h6 4. Bd3 Nc6 5. Nf3 Nb4 6. Be2 dxe4 ({RR} 6... Nf6 7. e5 Ne4 8. a3 Nxc3 9. bxc3 Nc6 10. c4 dxc4 11. Bxc4 Na5 12. Bd3 c5 13. O-O Bd7 14. Bd2 Nc6 15. c3 cxd4 16. cxd4 Ne7 17. Bb4 Bc6 18. Rc1 Nd5 19. Bxf8 Kxf8 20. Qd2 g6 21. Be4 {1-0 Henriquez Villagra,C (2588)-Terry,R (2521) 17th American Continental 2024 (7.2)}) 7. Nxe4 Nf6 8. Nxf6+ Qxf6 9. c4 $146 ({RR} 9. O-O Bd6 10. c4 O-O 11. Bd2 c5 12. dxc5 Bxc5 13. a3 Nc6 14. Bc3 Qf4 15. b4 Be7 16. Bd3 Rd8 17. Qe2 Bf6 18. g3 Qg4 19. Bxf6 gxf6 20. Rfd1 Bd7 21. Qe3 Qg7 22. Ra2 Be8 23. Rad2 f5 {1-0 Istratescu,A (2563)-Baratosi,D (2375) Tasnad op 2018 (6)}) 9... Nc6 10. O-O Bd6 11. Be3 O-O 12. a3 Rd8 13. Bd3 Bf4 14. Qd2 e5 15. d5 Bf5 16. Bxf4 exf4 17. Bxf5 Qxf5 18. Rfe1 Qf6 19. Re4 Ne7 20. Rxf4 Qd6 21. Rd1 b5 22. cxb5 Qc5 23. Rd4 Qxb5 24. d6 cxd6 25. Rxd6 Re8 26. h3 Ng6 27. Qd5 Qxd5 28. R1xd5 a5 29. b4 axb4 30. axb4 Nf4 31. Rd2 Ra1+ 32. Kh2 Kh7 33. Rb2 Rb8 34. b5 Rb7 35. b6 Ne6 36. Ne5 Nc5 37. Rc6 Na4 38. Rb4 Ra2 39. f3 Re2 40. Nc4 Nc3 41. Nd6 Rd7 42. b7 1-0

[Event "Olympiad Women 2024"]
[Site "Budapest HUN"]
[Date "2024.09.13"]
[Round "3.26"]
[Board "3"]
[White "Baginskaite, Kamile"]
[Black "Lesbekova, Assel"]
[Result "0-1"]
[WhiteElo "2103"]
[BlackElo "1903"]
[PlyCount "78"]
[EventDate "2024.09.11"]
[WhiteTeam "Lithuania"]
[BlackTeam "Kyrgyzstan"]
[WhiteTeamCountry "LTU"]
[BlackTeamCountry "KGZ"]

1. d4 d5 2. c4 e6 3. Nc3 a6 4. cxd5 exd5 5. Bf4 c6 6. e3 Bd6 7. Bxd6 Qxd6 8. Bd3 Ne7 9. Qc2 Bg4 ({RR} 9... g6 10. f3 O-O 11. Nge2 Nf5 12. Qd2 Re8 13. O-O-O {1-0 Grischuk,A (2771)-Ponomariov,R (2744) Wch Blitz 5th 2010 (1)}) ({RR} 9... g6 10. Nge2 Bf5 11. O-O Bxd3 12. Qxd3 Nd7 13. Rab1 O-O 14. b4 Nb6 15. a4 Nc4 16. b5 axb5 17. axb5 Ra3 18. Ra1 Rfa8 19. Rxa3 Rxa3 20. Qc2 Qb4 21. Rb1 Qa5 22. bxc6 bxc6 23. e4 Ra1 24. g3 {0-1 Passen,B (1858)-Gurevich,D (2374) Titled Tue 9th Jan Early 2024 (2)}) 10. Nge2 Bh5 11. Nf4 $146 ({RR} 11. O-O Bg6 12. Nf4 Nd7 13. Na4 O-O 14. Rfc1 Rab8 15. Rab1 Nc8 16. Nc5 Nf6 17. b4 Bxd3 18. Qxd3 Qe7 19. Qf5 Nd6 20. Qe5 Qd8 21. Nh5 Nfe8 22. a4 g6 23. Ng3 Ng7 24. e4 Re8 25. Qf4 dxe4 {0-1 Vernersson,P (2278)-Westerberg,J (2500) SWE-chT 1718 Elite 2017 (3.5)}) ({RR} 11. f3 Bg6 12. e4 Nd7 13. O-O O-O 14. e5 Bxd3 15. Qxd3 Qg6 16. Rad1 Rfe8 17. f4 Qxd3 18. Rxd3 Nc8 19. f5 Ncb6 20. Nf4 Nxe5 21. dxe5 Rxe5 22. g4 Rd8 23. b3 d4 24. Kf2 c5 25. Kf3 Rde8 {0-1 Malescusi,L (1909)-Calandra,M (1711) Milan SSM op 08 2013 (7)}) 11... Bg6 12. Nxg6 hxg6 13. Qb3 b5 14. h3 Nd7 15. Be2 a5 16. a4 b4 17. Nb1 O-O 18. Nd2 c5 19. dxc5 Nxc5 20. Qd1 Qf6 21. Qc2 Rac8 22. Nf3 Ne4 23. Qb3 Rc7 24. O-O Rfc8 25. Rad1 Rc2 26. Nd4 Nd2 27. Qd3 Nxf1 28. Nxc2 Qxb2 29. Nd4 Rc3 30. Qb5 Nxe3 31. Qe8+ Kh7 32. fxe3 Nf5 33. Bf3 Nxe3 34. Re1 Qd2 35. Nc2 Nxc2 36. Re5 Re3 37. Rxe3 Qxe3+ 38. Qxe3 Nxe3 39. Kf2 b3 0-1

[Event "Olympiad Women 2024"]
[Site "Budapest HUN"]
[Date "2024.09.13"]
[Round "3.26"]
[Board "4"]
[White "Abaeva, Aiana"]
[Black "Sibajeva, Marija"]
[Result "1/2-1/2"]
[WhiteElo "1858"]
[BlackElo "2007"]
[PlyCount "81"]
[EventDate "2024.09.11"]
[WhiteTeam "Kyrgyzstan"]
[BlackTeam "Lithuania"]
[WhiteTeamCountry "KGZ"]
[BlackTeamCountry "LTU"]

1. d4 d5 2. c4 e6 3. Nf3 Nf6 4. Nc3 Be7 5. Bf4 c6 6. e3 O-O 7. Qc2 Nbd7 8. Bd3 h6 9. O-O dxc4 10. Bxc4 Nb6 ({RR} 10... b5 11. Bb3 Bb7 12. Rfd1 Rc8 13. Ne5 Nh5 14. Nxd7 Qxd7 15. Be5 Nf6 16. Ne4 Nd5 17. Nc5 Bxc5 18. dxc5 a5 19. a3 f5 20. e4 fxe4 21. Qxe4 Qf7 22. Rd2 Qf5 23. f3 a4 24. Ba2 Rce8 25. Re1 {1-0 Orlov,K (2162)-Ilic,M (1322) Belgrade Premier League 2023 (7.3)}) 11. Bb3 Nbd5 12. Be5 $146 ({RR} 12. Bg3 Nh5 13. Rad1 Nxg3 14. hxg3 Qe8 15. e4 Nf6 16. Rfe1 b6 17. d5 c5 18. d6 Bd8 19. e5 Nd7 20. Ba4 Bb7 21. Nb5 a6 22. Nc7 Bxc7 23. dxc7 b5 24. Qd3 Bd5 25. Bc2 f5 26. g4 Qg6 {1-0 Dang,T-Do Vu Thai,A VIE-chT (Women) 2003 (6)}) 12... Nxc3 13. Qxc3 Bd7 14. Qd3 Qa5 15. Rac1 Rfd8 16. Rfd1 Rac8 17. h3 c5 18. dxc5 Bb5 19. Qc3 Rxd1+ 20. Rxd1 Qxc3 21. Bxc3 Bxc5 22. Nd4 Bd7 23. Nf5 exf5 24. Bxf6 Be6 25. Bxe6 fxe6 26. Be5 Re8 27. a3 Re7 28. Rd8+ Kh7 29. Kf1 Bb6 30. Rb8 Kg6 31. Ke2 Kf7 32. f4 Rd7 33. b4 Bd8 34. Bd4 Bb6 35. Bxb6 axb6 36. Rc8 Ke7 37. Rc3 e5 38. Rd3 exf4 39. exf4 Rc7 40. Kd2 Ke6 41. Re3+ 1/2-1/2

[Event "Olympiad Women 2024"]
[Site "Budapest HUN"]
[Date "2024.09.13"]
[Round "3.27"]
[Board "1"]
[White "Granados Ortiz, Maria Jose"]
[Black "Ryjanova, Julia"]
[Result "0-1"]
[WhiteElo "1935"]
[BlackElo "2255"]
[PlyCount "84"]
[EventDate "2024.09.11"]
[WhiteTeam "Nicaragua"]
[BlackTeam "Australia"]
[WhiteTeamCountry "NCA"]
[BlackTeamCountry "AUS"]

1. e4 c5 2. Nf3 Nc6 3. d4 cxd4 4. Nxd4 Qb6 5. Nxc6 bxc6 6. Nc3 g6 7. Bc4 d6 8. O-O Nf6 9. Qe2 Ng4 ({RR} 9... Bg4 10. Qd3 Bg7 11. Kh1 O-O 12. Be3 Qxb2 13. Rab1 Qa3 14. Nd5 Qxd3 15. Nxe7+ Kh8 16. cxd3 Bd7 17. Bf4 Rfe8 18. Bxd6 Bf8 19. Bxf7 Bxe7 20. Bxe8 Bxd6 21. Bxd7 Nxd7 22. d4 Nb6 23. Rbc1 Rc8 24. g3 {0-1 Leyva Proenza,R (2333)-Gabrielian,A (2442) Titled Tue 23rd Jan Early 2024 (7)}) 10. Re1 $146 ({RR} 10. Bb3 Bg7 11. h3 Ne5 12. Be3 Qa5 13. f4 Ba6 14. Qf2 Nc4 15. Bd4 Bxd4 16. Qxd4 Qb6 17. Qxb6 axb6 18. Bxc4 Bxc4 19. Rfd1 O-O 20. g4 h6 21. b3 Ba6 22. Re1 Rfd8 23. Kf2 Kg7 24. a4 Bb7 {½-½ Vasiukov,E-Mititelu,G Bucharest Int 08th 1967 (4)}) ({RR} 10. b3 Bg7 11. Bb2 Qa5 12. Qe1 g5 13. Na4 Qxe1 14. Raxe1 Bxb2 15. Nxb2 Ne5 16. Be2 a5 17. f3 Rf8 18. Nd3 Nxd3 19. Bxd3 e5 20. Kf2 Ke7 {½-½ Salgado Lopez,I (2624)-Demchenko,A (2679) Bundesliga 1819 2018 (2.4)}) ({RR} 10. h3 Ne5 11. Be3 Qa5 12. f4 Nxc4 13. Qxc4 Qa6 14. Qd4 Rg8 15. e5 Bg7 16. Rad1 Be6 17. Qb4 dxe5 18. Ne4 Qb5 19. Qe1 exf4 20. Bxf4 Bxb2 21. c3 Ba3 22. Qh4 h5 23. Rfe1 Rd8 24. Bc7 Rxd1 {0-1 Hennings,A-Vasiukov,E Bucharest Int 08th 1967 (9)}) 10... Bg7 11. Nd1 O-O 12. h3 Ne5 13. Be3 Qb4 14. Bd3 Nxd3 15. cxd3 Ba6 16. Rc1 Bxd3 17. Qd2 Qxd2 18. Bxd2 Rfc8 19. Nc3 Rab8 20. b3 h6 21. Be3 c5 22. Nd5 Rb7 23. f3 g5 24. Red1 Bb5 25. Bf2 Be5 26. Ne3 Bd7 27. Nc4 Bg7 28. Ne3 Be6 29. Nd5 Be5 30. Be1 f5 31. exf5 Bxf5 32. Ne3 Be6 33. Bc3 Bxc3 34. Rxc3 Kf7 35. Kf2 Rb4 36. Nc2 Rb7 37. Ne3 a5 38. Kg3 a4 39. bxa4 Ra8 40. Nc4 Rxa4 41. Ne3 Rxa2 42. h4 Re2 0-1

[Event "Olympiad Women 2024"]
[Site "Budapest HUN"]
[Date "2024.09.13"]
[Round "3.27"]
[Board "2"]
[White "Nguyen, Thu Giang"]
[Black "Cabezas Calero, Abigail Carolina"]
[Result "1-0"]
[WhiteElo "2068"]
[BlackElo "1824"]
[PlyCount "89"]
[EventDate "2024.09.11"]
[WhiteTeam "Australia"]
[BlackTeam "Nicaragua"]
[WhiteTeamCountry "AUS"]
[BlackTeamCountry "NCA"]

1. e4 e6 2. d4 d5 3. Nd2 c5 4. exd5 Qxd5 5. Ngf3 Nc6 6. Bc4 Qd8 7. Nb3 cxd4 8. O-O Nf6 9. Nbxd4 Bd7 10. Nb5 Na5 ({RR} 10... a6 11. Nd6+ Bxd6 12. Qxd6 Qe7 13. Bf4 Qxd6 14. Bxd6 O-O-O 15. Rfd1 h6 16. c3 Na5 17. Bf1 Nd5 18. c4 Ba4 19. cxd5 Rxd6 20. b3 Bb5 21. Rac1+ Kb8 22. b4 Bxf1 23. Kxf1 exd5 24. bxa5 Re8 25. Nd4 {1-0 Remizov,Y (2389)-Shkuran,D (2324) Titled Tue 25th Oct Early 2022 (1)}) 11. Be2 ({RR} 11. Bf4 Nxc4 12. Nc7+ Ke7 13. Nxa8 Qxa8 14. b3 Nd5 15. Bg5+ f6 16. bxc4 Nb6 17. Be3 Nxc4 18. Qd3 Qc8 19. Rfd1 a6 20. Rab1 Bb5 21. Qb3 Kf7 22. a4 Na5 23. Qb2 Nc4 24. Qa2 Nxe3 25. fxe3 Bc6 {0-1 Yu,A (1674)-Alves Campelo,D (2011) Titled Tue 2nd Jan Late 2024 (5)}) 11... Nd5 $146 ({RR} 11... a6 12. Nd6+ Bxd6 13. Qxd6 Rc8 14. Bd2 Nc4 15. Bxc4 Rxc4 16. Ne1 Qe7 17. Qb8+ {½-½ Slezak,R (2167)-Biro,A (2298) HUN-chT2 Erkel 0708 2007 (11)}) ({RR} 11... a6 12. Nd6+ Bxd6 13. Qxd6 Rc8 14. Nd4 Bc6 15. Qxd8+ Rxd8 16. Nxc6 Nxc6 17. Bg5 h6 18. Bxf6 gxf6 19. Rad1 Ke7 20. c3 Rhg8 21. Rxd8 Kxd8 22. Rd1+ Kc7 23. g3 Rg5 24. Kf1 Ne7 25. Rd4 e5 26. Rh4 {1-0 Horta,C-Stenzel,E BRA-ch Campinas 1962 (4)}) 12. c4 Bxb5 13. cxd5 Bxe2 14. Qxe2 Qxd5 15. Rd1 Qc4 16. Qd2 Qc7 17. Qg5 Nc6 18. Bf4 Qe7 19. Qg3 f6 20. Bd6 Qf7 21. Re1 Bxd6 22. Qxd6 e5 23. Rad1 Qe7 24. Qd5 Rd8 25. Qb3 Rxd1 26. Rxd1 Rf8 27. h3 Rf7 28. a3 Kf8 29. Qd5 Ke8 30. Qc4 Nd8 31. Qa4+ Nc6 32. Qc4 Kf8 33. b4 a6 34. Rd5 g6 35. Nd2 Kg7 36. Nb3 Rf8 37. Nc5 Kh8 38. Rd7 Qe8 39. Rxb7 Qc8 40. Qh4 h5 41. Qe4 f5 42. Qe3 f4 43. Qd3 Rf6 44. Qxa6 Qe8 45. b5 1-0

[Event "Olympiad Women 2024"]
[Site "Budapest HUN"]
[Date "2024.09.13"]
[Round "3.27"]
[Board "3"]
[White "Munoz Cortez, Anahi Alexandra"]
[Black "Shen, Zhiyuan"]
[Result "0-1"]
[WhiteElo "1868"]
[BlackElo "1969"]
[PlyCount "63"]
[EventDate "2024.09.11"]
[WhiteTeam "Nicaragua"]
[BlackTeam "Australia"]
[WhiteTeamCountry "NCA"]
[BlackTeamCountry "AUS"]

1. e4 c5 2. Nc3 Nc6 3. f4 g6 4. Nf3 Bg7 5. h3 d6 6. Bb5 Bd7 7. O-O Nf6 8. d3 O-O 9. Bxc6 Bxc6 10. Qe1 $146 ({RR} 10. Be3 b5 11. Qd2 b4 12. Ne2 Nd7 13. c3 bxc3 14. bxc3 Rb8 15. Ng3 Qa5 16. d4 cxd4 17. Bxd4 e5 18. fxe5 dxe5 19. Be3 Rbd8 20. Qf2 a6 21. Rac1 Rb8 22. Ng5 Nf6 23. Bc5 Rfe8 24. Bb4 Qc7 {0-1 Niemann,S (1815)-Montag,R (2050) Mecklenburg VP LL2 West 1718 2017 (4.1)}) 10... e6 11. g4 Nd7 12. Ne2 Qb6 13. c4 Rae8 14. f5 exf5 15. gxf5 gxf5 16. exf5 d5 17. Qg3 Rxe2 18. Bh6 Qxb2 19. Rab1 Rg2+ 20. Qxg2 Qxg2+ 21. Kxg2 Bxh6 22. Kf2 dxc4 23. dxc4 Be4 24. Rb2 Nb6 25. Rb5 Rc8 26. Ne5 Bg7 27. Ng4 Bxf5 28. Rc1 Bd3 29. Ke3 Bf5 30. Kf4 Be6 31. Kf3 Nxc4 32. Rxb7 0-1

[Event "Olympiad Women 2024"]
[Site "Budapest HUN"]
[Date "2024.09.13"]
[Round "3.27"]
[Board "4"]
[White "Vincent, Alaina"]
[Black "Alvarez Gutierrez, Patricia"]
[Result "1-0"]
[WhiteElo "1976"]
[BlackElo "1826"]
[PlyCount "65"]
[EventDate "2024.09.11"]
[WhiteTeam "Australia"]
[BlackTeam "Nicaragua"]
[WhiteTeamCountry "AUS"]
[BlackTeamCountry "NCA"]

1. e4 c6 2. d4 d5 3. e5 c5 4. Nf3 Nc6 5. dxc5 e6 6. Be3 Qc7 7. c3 Nge7 8. Bb5 Bd7 9. Bd4 Ng6 10. Bxc6 Bxc6 11. b4 a5 12. O-O Be7 $146 ({RR} 12... Qd7 13. Qd2 Be7 14. Re1 O-O 15. Qe3 Rfb8 16. g3 b6 17. Nbd2 Bb5 18. a3 bxc5 19. Bxc5 Bd8 20. Nd4 Ba6 21. a4 Rc8 22. N4b3 Bc7 23. b5 Bb7 24. Bd4 Bd8 25. Nc5 Qe7 26. Nxb7 Qxb7 27. Nb3 {½-½ Herzwurm,R (2123)-Odeh,K (1922) Gibraltar Challengers-B 2018 (1)}) 13. Nbd2 O-O 14. a4 axb4 15. cxb4 Rfc8 16. b5 Be8 17. Nb3 Nf8 18. Qe2 Qd7 19. Rfc1 h6 20. h3 Nh7 21. Be3 f6 22. Bd4 f5 23. Be3 Nf8 24. Nfd4 Qc7 25. f4 Qb8 26. g4 fxg4 27. Qxg4 h5 28. Qg3 Bf7 29. Kh2 b6 30. Nc6 Qb7 31. cxb6 Kh7 32. Nba5 Rxa5 33. Nxa5 1-0

[Event "Olympiad Women 2024"]
[Site "Budapest HUN"]
[Date "2024.09.13"]
[Round "3.28"]
[Board "1"]
[White "Mendoza, Shania Mae"]
[Black "Fuad Kamel Jamaliah, Natalie"]
[Result "1-0"]
[WhiteElo "2013"]
[BlackElo "2003"]
[PlyCount "81"]
[EventDate "2024.09.11"]
[WhiteTeam "Philippines"]
[BlackTeam "Jordan"]
[WhiteTeamCountry "PHI"]
[BlackTeamCountry "JOR"]

1. e4 c5 2. Nc3 e6 3. d4 cxd4 4. Qxd4 Nc6 5. Qd3 a6 6. Bf4 Qf6 $146 ({RR} 6... Nge7 7. O-O-O Ng6 8. Bd6 Qg5+ 9. Kb1 Bxd6 10. Qxd6 Qe5 11. Qd2 b5 12. Nf3 Qc5 13. h4 h6 14. h5 Nge5 15. Qf4 O-O 16. Qg3 Nc4 17. Bxc4 bxc4 18. Rd2 Rb8 19. Qd6 Qa5 20. Ka1 Rb6 21. g4 {1-0 Tari,A (2672)-Jakubowski,K (2459) Chess.com Rapid Wk21 Swiss 2022 (2)}) ({RR} 6... b5 7. O-O-O Qa5 8. Kb1 Nge7 9. Bd6 Ng6 10. Bxf8 Rxf8 11. Nf3 b4 12. Ne2 Qc5 13. Ned4 f6 14. Be2 Nce7 15. g3 Kf7 16. h4 Kg8 17. Nb3 Qc7 18. h5 Ne5 19. Nxe5 fxe5 20. h6 g6 21. f4 {½-½ Najer,E (2679)-Vitiugov,N (2726) Wch Blitz Doha 2016 (3)}) ({RR} 6... Qb6 7. O-O-O Qa5 8. Qg3 Nf6 9. Be2 Nh5 10. Bxh5 Qxh5 11. Nd5 exd5 12. exd5 f6 13. dxc6 bxc6 14. Nh3 d5 15. Rhe1+ Kf7 16. Ng1 Qg4 17. Ne2 Qxg3 18. Bxg3 Bc5 19. Nd4 Bd7 20. Nb3 Bb6 21. c4 {0-1 Torres Ymas,A (1920)-Mora Heredia,Y (1949) Gilberto Garcia Mem Elite 2024 (7.3)}) 7. Nge2 Bb4 8. O-O-O Nge7 9. h4 Ng6 10. Bg3 Nge5 11. Qe3 Ng4 12. Qg5 Qxg5+ 13. hxg5 Bc5 14. f4 Nf2 15. Bxf2 Bxf2 16. Rd3 b5 17. e5 Nb4 18. Rdh3 Ke7 19. a3 Nc6 20. Ne4 Bb6 21. Rxh7 Rg8 22. Kb1 Rb8 23. N2g3 Nd4 24. Nd6 Bc7 25. Nge4 Bb7 26. Nxb7 Rxb7 27. Bd3 Rbb8 28. c3 Nc6 29. Nc5 Ra8 30. Be4 Bb6 31. Bxc6 dxc6 32. Ne4 Rad8 33. Kc2 Be3 34. g3 Bb6 35. R1h4 c5 36. g6 c4 37. gxf7 Kxf7 38. R4h6 Be3 39. Ng5+ Ke7 40. Rxe6+ Kf8 41. Rh2 1-0

[Event "Olympiad Women 2024"]
[Site "Budapest HUN"]
[Date "2024.09.13"]
[Round "3.28"]
[Board "2"]
[White "Serina Arafat"]
[Black "Frayna, Janelle Mae"]
[Result "0-1"]
[WhiteElo "1552"]
[BlackElo "2216"]
[PlyCount "82"]
[EventDate "2024.09.11"]
[WhiteTeam "Jordan"]
[BlackTeam "Philippines"]
[WhiteTeamCountry "JOR"]
[BlackTeamCountry "PHI"]

1. b3 e5 2. Bb2 Nc6 3. e3 Nf6 4. d4 exd4 5. exd4 d5 6. Nf3 Bd6 7. Bd3 ({RR} 7. Bb5 O-O 8. O-O Bg4 9. h3 Bh5 10. Nbd2 Ne4 11. Be2 Re8 12. Re1 Qf6 13. c4 Qf4 14. Nxe4 dxe4 15. Ne5 Bxe2 16. Qxe2 Nxe5 17. dxe5 Bxe5 18. Bxe5 Qxe5 19. Rad1 Re7 20. Rd5 Qe6 21. Red1 Rae8 {0-1 Alekseenko,K (2696)-Kollars,D (2598) Titled Arena Mar 6th blitz 2021}) 7... Qe7+ $146 ({RR} 7... O-O 8. O-O Nb4 9. c4 c6 10. c5 Bb8 11. a3 Nxd3 12. Qxd3 Ne4 13. Nbd2 Bf5 14. Qe3 Re8 15. Rfe1 Bc7 16. b4 Bg6 17. Ne5 Bxe5 18. dxe5 Rb8 19. Nxe4 Bxe4 20. f3 Bf5 21. g4 Bd7 22. Qd4 {1-0 Jezek,A (1830)-Grussova,H (1963) CZE-chT U20 final-B 0910 2010 (11.2)}) ({RR} 7... O-O 8. O-O Ne7 9. h3 Ng6 10. Nbd2 Nf4 11. Be2 Qd7 12. Ne5 Qd8 13. Ndf3 Ne4 14. Bd3 f6 15. Ng4 h5 16. Ne3 c6 17. Bxe4 dxe4 18. Nd2 f5 19. Qxh5 Nxh5 {0-1 Guo,A (1883)-Jagirapu,H (2040) Titled Tue 23rd Jul Late 2024 (6)}) ({RR} 7... O-O 8. O-O Bg4 9. Nbd2 Re8 10. c3 Ne4 11. Qc2 Qf6 12. Rae1 Nxd2 13. Nxd2 h5 14. Qc1 Ne7 15. Ba3 Bf4 16. Rxe7 Rxe7 17. Bxe7 Qxe7 18. g3 Bd6 19. Re1 Qf6 20. Re3 c5 21. Qe1 cxd4 22. Re8+ {0-1 Heiberg,T-Morris,W (2380) Baerum 1980 (5)}) 8. Be2 O-O 9. O-O Bg4 10. Re1 Rfe8 11. Nbd2 Ba3 12. Bxa3 Qxa3 13. Qc1 Qxc1 14. Raxc1 Ne4 15. Bb5 Nxd2 16. Rxe8+ Rxe8 17. Nxd2 Nxd4 18. Bxe8 Ne2+ 19. Kf1 Nxc1 20. a4 Bd1 21. b4 Bxc2 22. a5 Nd3 23. b5 Nc5 24. Nf3 Kf8 25. b6 axb6 26. Bb5 bxa5 27. Nd4 Bd3+ 28. Bxd3 Nxd3 29. Nb3 a4 30. Na1 Nb4 31. Ke2 d4 32. Kd2 c5 33. f3 b5 34. g4 g5 35. h3 Ke7 36. Kc1 Kd6 37. Kd2 c4 38. Kc1 Ke5 39. Kd2 Kf4 40. Kc1 Ke3 41. Kd1 d3 0-1